书目信息 |
| 题名: |
古代社会形态析论
|
|
| 作者: | 田昌五 著 | |
| 分册: | ||
| 出版信息: | 上海 学林出版社 1986.5 |
|
| 页数: | 351页 | |
| 开本: | 20cm | |
| 丛书名: | ||
| 单 册: | ||
| 中图分类: | K06 | |
| 科图分类: | ||
| 主题词: | 历史--研究 | |
| 电子资源: | ||
| ISBN: | ||
| 000 | 00515nam0 2200193 45 | |
| 001 | 0312221749 | |
| 005 | 20050415113810.2 | |
| 010 | @dCNY2.35 | |
| 100 | @a20031222d1986 km y0chiy0120 ea | |
| 101 | @achi | |
| 105 | @a z 000yy | |
| 200 | 1 | @a古代社会形态析论@AGu Dai She Hui Xing Tai Xi Lun@f田昌五著@FTian ChangWu Zhu |
| 210 | @a上海@c学林出版社@d1986.5 | |
| 215 | @a351页@d20cm | |
| 606 | 0 | @a历史@x研究 |
| 690 | @aK06@v3 | |
| 701 | 0 | @a田昌五@4著 |
| 801 | @aCN@bTSTCL@c20031222 | |
| 905 | @dK06@e16@b158800@f1 | |
| 古代社会形态析论/田昌五著.-上海:学林出版社,1986.5 |
| 351页;20cm |
| ISBN :CNY2.35 |
| ● |
| 相关链接 |
|
|
|
|
正题名:古代社会形态析论
索取号:K06/16
 
预约/预借
| 序号 | 登录号 | 条形码 | 馆藏地/架位号 | 状态 | 备注 |
| 1 | 0158799 | 001418451 | 密集书库/ [索取号:K06/16] | 在馆 | |
| 2 | 0158800 | 001992927 | 密集书库/ [索取号:K06/16] | 在馆 | |
| 3 | 0158801 | 202447165 | 第二样本阅览室/ [索取号:K06/16] | 在馆 |